000 00902cam a22002295a 4500
001 L158221
008 141017s1982 xxk f 000 0 eng d
020 _a0900533174
035 _a(Sirsi) u158221
041 0 _aeng
110 2 _aRoyal Institution of Chartered Surveyors. Scottish Branch. Planning and Development Division
_9961
245 0 0 _aPlanning appeals
_ba guide to practitioners
260 _aEdinburgh
_bRICS
_c1982
300 _a21p., 30cm
490 0 _aPractice Note No 5 (Scotland)
520 _aOutlines the planning appeal process in Scotland from deciding to make an appeal, written representation, pre and post enquiry procedures. Provides guidance on planning appeals and the role of the chartered surveyor as the planning expert witness.
590 _aKA
650 2 4 _aPLANNING APPEALS
651 4 _aScotland
690 _aPlanning and development
_96259
942 _n0
999 _c115206
_d115206